Annali della Facolt ̉di Giurisprudenza di Taranto Anno V

Bibliographic Details
Other Authors: Uricchio, Antonio, Voza, Roberto
Format: Unknown
Language:Italian
Published: Bari : Cacucci Editore, 2012
Subjects:
Online Access:http://www.vlex.com/source/7335

MARC

LEADER 00000 a2200000 4500
005 20130228172156.0
007 cr|||| ||||
008 130228e2012 it |||||s|||| 00||0 ita d
020 |a 978-88-6611-182-5 
035 |a 7335 
040 |a vLex 
090 |c 3790  |d 3790 
245 0 0 |a Annali della Facolt ̉di Giurisprudenza di Taranto  |b Anno V  |h [Recurso electrn̤ico] 
256 |a Servicio en ln̕ea 
260 |a Bari :  |b Cacucci Editore,   |c 2012  
300 |a 1 Recurso electrn̤ico 
650 0 4 |a Jurisprudencia  |v Revista  |z Italia 
700 1 0 |a Uricchio, Antonio  
700 1 0 |a Voza, Roberto  
740 |a vLex Libros (Servicio en ln̕ea) 
856 |a Acceso restringido  |u http://www.vlex.com/source/7335 
942 |c BOOK 
999 0 |a Jurisprudence